00357 a2200109 4500001001000000005001700010008004100027245007700068100002000145773006500165999001700230ART_1871320260410161919.0260409a 10aEl IVA y la base imponible de los impuestos a las actividades lucrativas1 aGaffuri, Silvia0 tLa informacióng- Tomo XXXV, Nº 565 (ene. 1977)wREV14902 c27572d27572